| 000 | 01061cam a22002654a 4500 | ||
|---|---|---|---|
| 999 |
_c129056 _d129056 |
||
| 001 | 11979733 | ||
| 003 | ARRUPE | ||
| 005 | 20190219110923.0 | ||
| 008 | 000419s2001 njua b 001 0 eng | ||
| 010 | _a 00032406 | ||
| 020 | _a0130869724 | ||
| 040 |
_aDLC _cDLC _dDLC |
||
| 042 | _apcc | ||
| 050 | 0 | 0 |
_aB809.2 _b.P38 2001 |
| 082 | 0 | 0 |
_a001.2 _221 |
| 100 | 1 |
_aPaul, Richard. _944753 |
|
| 245 | 1 | 0 |
_aCritical thinking : _btools for taking charge of your learning and your life / _cRichard Paul, Linda Elder. |
| 260 |
_aUpper Saddle River, N.J. : _bPrentice Hall, _cc2001. |
||
| 300 |
_axx, 428 p. : _bill. ; _c24 cm. |
||
| 504 | _aIncludes bibliographical references (p. 417-418) and index. | ||
| 650 | 0 |
_aCritical thinking. _912209 |
|
| 650 | 0 |
_aStudy skills. _942162 |
|
| 700 | 1 |
_aElder, Linda, _d1962- _944754 |
|
| 906 |
_a7 _bcbc _corignew _d1 _eocip _f20 _gy-gencatlg |
||
| 942 |
_2lcc _cMONOGRAPH |
||